Crecimiento sin desarrollo. Análisis de la evolución socioeconómica de América Latina entre 1980 y 1998 /

Sábháilte in:
Sonraí bibleagrafaíochta
Príomhchruthaitheoir: García, Francisco
Rannpháirtithe: ed. García, Francisco ed. Roca, Albert ed
Formáid: Téacs
Teanga:Spanish
Foilsithe / Cruthaithe: Barcelona: Icaria
Clibeanna: Cuir clib leis
Níl clibeanna ann, Bí ar an gcéad duine le clib a chur leis an taifead seo!

MARC

LEADER 00000 a a2200000 04500
001 33653
003 cru IIS
005 20230523123953.0
008 230523b |||||||| |||| 00| 0 spa d
020 |a 84-7426-430-8  
040 |c CRAI/IIS 
090 |a 0001 B844L  
100 |a García, Francisco  |9 11359 
245 |a Crecimiento sin desarrollo. Análisis de la evolución socioeconómica de América Latina entre 1980 y 1998 /  |c Francisco García 
260 |a Barcelona:   |b Icaria  
300 |a 85-138 p.  
700 |a ed.   |a García, Francisco   |a ed.   |a Roca, Albert   |a ed.  
773 0 |0 6014  |9 9019  |a Bretón, Víctor   |d Barcelona: Icaria   |o 00705  |t Los Límites del desarrollo: modelos rotos y modelos por construir en América Latina y Africa /  |w (cru CIDCACS/IIS)33654  |z 84-7426-430-8  
942 |2 ddc  |c LI 
999 |c 44986  |d 44986